01195nam a2200193Ia 4500001001000000003001000010008004100020040002500061041001200086100003100098245009900129250001200228260008500240300002400325500025200349501011400601520025200715650003400967L235-7354IT-CnALBA170116s9999||||xx |||||||||||||| ||und|| aIT-CnALBAcIT-CnALBA aLATINO  aROSCHINI P. GABRIELE, OSM. 0aMARIOLOGIA. VOL. II. SUMMA MARIOLOGIAE. PARS I. DE BEATA VIRGINE CONSIDERATA IN SUA MISSIONE.  a62a ed. a MILANO BOLOGNAbANCORA EDITRICE c1942 [1° Ed.:1942 - Ed.Ling.Originale: 1942] a p. (prefazione: 5) aRAPPORTO TRA DIO E MARIA. PREDESTINAZIONE. GLORIFICAZIONE. RAPPORTO TRA LA VERGINE E DIO. MATERNITÀ VERGINALE. RAPPORTO TRA MARIA VERGINE E GLI UOMINI. CORREDENTRICE. MADRE. REGINA. CULTO VERSO LA VERGINE MARIA. SERVITU' VERSO LA VERGINE MARIA.  aSocietà San Paolo EM - Piazza San Paolo, 14 - 12051 ALBA (CN) (non commercial uses only) ® Copyright 2017 aRAPPORTO TRA DIO E MARIA. PREDESTINAZIONE. GLORIFICAZIONE. RAPPORTO TRA LA VERGINE E DIO. MATERNITÀ VERGINALE. RAPPORTO TRA MARIA VERGINE E GLI UOMINI. CORREDENTRICE. MADRE. REGINA. CULTO VERSO LA VERGINE MARIA. SERVITU' VERSO LA VERGINE MARIA.  aMARIA SS. ANGELI SANTI DEMONI